000 00536 a2200217 4500
005 20260505104829.0
008 260504b |||||||| |||| 00| 0 eng d
020 _a9789380405810
_cRs. 500.00
040 _aMAIN
082 _a294.5
_bM45H
100 _aMaxmuller
245 _aHum Bharat se kya sikhen
260 _bGranth Vikas
_c2023
_aJaipur
300 _a243
650 _aReligion
650 _aIndian Culture
650 _aHinduism
700 _aTiwari, Kamlakar, tr.
700 _aTater, Sohan Raj, ed.
942 _cBK
999 _c394343
_d394343